Arte in Calabria- Ritrovamenti - restauri - recuperi (Record n. 76973)
[ formato base ]
| 000 -LEADER | |
|---|---|
| fixed length control field | 01931nam a2200277Ia 4500 |
| 001 - CONTROL NUMBER | |
| control field | K0657 |
| 003 - CONTROL NUMBER IDENTIFIER | |
| control field | IT-RoPAU |
| 008 - FIXED-LENGTH DATA ELEMENTS--GENERAL INFORMATION | |
| fixed length control field | 130308s9999 xx 000 0 und d |
| 040 ## - CATALOGING SOURCE | |
| Original cataloging agency | IT-RoPAU |
| 040 ## - CATALOGING SOURCE | |
| Transcribing agency | IT-RoPAU |
| 041 ## - LANGUAGE CODE | |
| Language code of text/sound track or separate title | ITALIANO |
| 100 ## - MAIN ENTRY--PERSONAL NAME | |
| Personal name | Di Dario Guida Maria Pia |
| 100 ## - MAIN ENTRY--PERSONAL NAME | |
| Miscellaneous information | Codice Aut. SPICS: 60266 |
| 245 ## - TITLE STATEMENT | |
| Title | Arte in Calabria- Ritrovamenti - restauri - recuperi |
| 245 ## - TITLE STATEMENT | |
| Remainder of title | Arte in Calabria. Ritrovamenti - restauri - Recuperi |
| 250 ## - EDITION STATEMENT | |
| Edition statement | 1a ed. |
| 260 ## - PUBLICATION, DISTRIBUTION, ETC. (IMPRINT) | |
| Name of publisher, distributor, etc. | s.e. (senza Editrice o non identificata) |
| 260 ## - PUBLICATION, DISTRIBUTION, ETC. (IMPRINT) | |
| Date of publication, distribution, etc. | 1976 [1° Ed.:1976 - Ed.Ling.Originale:1976] |
| 300 ## - PHYSICAL DESCRIPTION | |
| Extent | "586 p. (prefazione: no ; testo: 586 [pagine: 0-0])" |
| 500 ## - GENERAL NOTE | |
| General note | "Catalogo della mostra Tenutasi a Cosenza, convento di S. Francesco D'Assisi, Aprile Luglio 1976. Prefazione di F. Bologna. premesse Storiche. Nota Sul complesso monumentale di S. Francesco D'Assisi. Note di Conservazione. Catalogo. 43 tavole a Colori e 325 Illustrazioni in bianco e Nero di Autori vari tra I Quali: Girolamo Imperato; Onofrio Penna; Iacobello D'Antonio; Cristoforo Faffeo; Pietro Befulco; Salvo D'Antonio; Marco Pino; Dirk Hendricks; Andrea Lilio; Jan Leyniers; Giovan Battista Caracciolo Detto Battistello; Francesco Solimena; Corrado Giaquinto; Giuseppe Pascaletti; Federico Andreotti; Paolo di Ciacio; Antonello De Saliba; Bartolomeo Vivarini; Pietro Negroni; Giovanni Angelo D'Amato; Fabrizio Santafede; Giovan Bernardo Azzolino Detto Siciliano; Ippolito Borghese; Giovanni Balducci Detto Cosci; Agostino Ciampelli; Massimo Stanzione; Luca Giordano; Stefano Liguoro; Antonio Catalano. " |
| 650 ## - SUBJECT ADDED ENTRY--TOPICAL TERM | |
| Topical term or geographic name as entry element | STORIA DELLE ARTI VISIVE |
| 650 ## - SUBJECT ADDED ENTRY--TOPICAL TERM | |
| Relator term | Codice materia Spics: 5008 |
| 942 ## - ADDED ENTRY ELEMENTS (KOHA) | |
| Koha item type | LIBRO |
| 957 ## - | |
| -- | 1 |
| 999 ## - SYSTEM CONTROL NUMBERS (KOHA) | |
| -- | 1 |
| Withdrawn status | Lost status | Damaged status | Not for loan | Home library | Current library | Date acquired | Total Checkouts | Full call number | Date last seen | Price effective from | Koha item type | Public note |
|---|---|---|---|---|---|---|---|---|---|---|---|---|
| Buone Condizioni | Not For Loan | SPICS-MEDIATECA | SPICS-MEDIATECA | 08/03/2013 | K0657 | 08/03/2013 | 08/03/2013 | LIBRO | Progressivo inserimento: 21493 / N. Volumi: 1 Copie: 1 / data import: 1 marzo 2013 - By Epidotti, Trombetti, Vaglietti. |